000 00504nam a22001697a 4500
999 _c9141
_d9141
008 210325b ||||| |||| 00| 0 eng d
040 _aBMS College of Architecture
100 _aUpadhyay, Nagashree
245 _aPilgrims center at Gokarna
300 _a59p.
500 _a1BM05AT022
502 _8B.Arch
_NBMS College of Architecture, Visvesvaraya Technological University
_aProject report
_d2010
650 _aGokarna
700 _aK Manjula
_eGuide
700 _aPushpa D
_eGuide
942 _2ddc
_cTHE